Strength and behavior of concrete contains waste plastic
Aqu ̕se presenta un mťodo de concreto reforzado con la adicin̤ de diversas proporciones de residuos de pls̀tico (polietileno) reciclado. Se prepararon alrededor de 126 muestras y se investig ̤su resistencia (a la compresin̤, a la flexin̤, a la tensin̤ por compresin̤ diametral) a lo largo de un inte...
Salvato in:
| Altri autori: | , , |
|---|---|
| Natura: | Libro |
| Lingua: | inglese |
| Soggetti: | |
| Accesso online: | Strength and behavior of concrete contains waste plastic |
| Tags: |
Aggiungi Tag
Nessun Tag, puoi essere il primo ad aggiungerne!!
|
MARC
| LEADER | 00000nam a22000004a 4500 | ||
|---|---|---|---|
| 001 | vpro12528 | ||
| 005 | 20201223000000.0 | ||
| 008 | 180228s2018 ck # g## #001 0#eng#d | ||
| 020 | |||
| 022 | |a 2157-7625 | ||
| 040 | |a CO-BoINGC | ||
| 041 | 0 | |a eng | |
| 245 | 1 | 0 | |a Strength and behavior of concrete contains waste plastic |
| 246 | |a Resistencia y comportamiento de concreto con residuos de pls̀tico | ||
| 264 | |a Bogot ̀(Colombia) : |b Revista VirtualPRO, |c 2018 | ||
| 520 | 3 | |a Aqu ̕se presenta un mťodo de concreto reforzado con la adicin̤ de diversas proporciones de residuos de pls̀tico (polietileno) reciclado. Se prepararon alrededor de 126 muestras y se investig ̤su resistencia (a la compresin̤, a la flexin̤, a la tensin̤ por compresin̤ diametral) a lo largo de un intervalo de 7 a 28 da̕s empleando proporciones de agregado de pls̀tico reciclado de 1, 3 y 5 %. | |
| 650 | \ | \ | |a Sostenibilidad |
| 650 | \ | \ | |a Industria de la construccin̤ |
| 650 | \ | \ | |a Sustainability |
| 650 | \ | \ | |a Construction industry |
| 650 | \ | \ | |a Construccin̤ sostenible |
| 650 | \ | \ | |a Pls̀tico reciclado |
| 650 | \ | \ | |a Mezclas de concreto |
| 650 | \ | \ | |a Resistencia |
| 650 | \ | \ | |a Sustainable construction |
| 650 | \ | \ | |a Recycled plastic |
| 650 | \ | \ | |a Concrete mixes |
| 650 | \ | \ | |a Strength |
| 700 | \ | \ | |a Jibrael Manhal A. |
| 700 | \ | \ | |a Peter Farah |
| 700 | \ | \ | |a OMICS International |
| 856 | |z Strength and behavior of concrete contains waste plastic |u https://virtualpro.unach.elogim.com/biblioteca/resistencia-y-comportamiento-de-concreto-con-residuos-de-plastico | ||